Statistics for Famous Juniors

Click here to take the quiz!

General Stats

  • This quiz has been taken 7 times
  • The average score is 3 of 15

Answer Stats

Answer% Correct
Cuba Gooding, Jr.
86%
Robert Downey, Jr.
71%
John F. Kennedy, Jr.
29%
Martin Luther King, Jr.
29%
Will Smith
29%
Harry Connick, Jr.
14%
Al Gore
0%
Dale Earnhardt, Jr.
0%
Freddie Prinze, Jr.
0%
Lil Wayne
0%
Marlon Brando
0%
Mickey Rourke
0%
Muhammad Ali
0%
Nelson Riddle, Jr.
0%
Snoop Dogg
0%

Score Distribution

Percentile by Number Answered

Percent of People with Each Score

Your Score History

You have not taken this quiz